Statistiques concernant Pièces d'échecs quiz

Cliquez ici pour prendre le quiz!

Statistiques générales

  • Ce quiz a été pris 15 031 fois
  • Le résultat moyen est 6 sur 6

Statistiques - réponses

Piéce% Correct
Roi
100%
Dame
98%
Tour
97%
Pion
96%
Fou
95%
Cavalier
95%

Distribution des résultats

Percentile par nombre de réponses

% des personnes avec chaque résultat

Votre développement - résultats

Vous n’avez pas pris ce quiz